| 000 | 01289nam2a2200265 4500 | ||
|---|---|---|---|
| 001 | rc\2948353 | ||
| 005 | 20110829163203.4 | ||
| 035 | _a(NLR Aleph) 007096219 | ||
| 090 |
_a13601245 _c13601245 |
||
| 100 | _a20110829d1937 |||y0rusy50 ca | ||
| 101 | 0 | _arus | |
| 102 | _aRU | ||
| 105 | _aae z ||||| | ||
| 200 | 1 |
_aТиповой проект гаража на 10 машин ЗИС-3-5 и Я-5 _fАвторы проекта. инж. Хейфец И.С., Загряжский А.А., Крамаренко Г.В. |
|
| 210 | _d1937 | ||
| 215 |
_aПапка, 4 отд. л., 40 с. отд. сброшюров. прил. "Пояснит. записка" _cчерт., схем., план. |
||
| 461 | 0 |
_1001rc\2948352 _12001#$aПроекты непромышленного строительства ...$fРазработаны Науч.-исслед. сектором Моск. автомобильно-дор. ин-та им. т. Молотова (МАДИ)$gИзд-ское бюро Всесоюз. совета по коммун. хоз.$v№ 1/36 |
|
| 700 | 1 |
_aХейфец _bИ. С. |
|
| 701 | 1 |
_aЗагряжский _bА. А. |
|
| 701 | 1 |
_aКрамаренко _bГ. В. |
|
| 801 | 0 |
_aRU _bNLR _gpsbo |
|
| 801 | 1 |
_aRU _bELAR _2rusmarc |
|
| 852 |
_aNLR _j37-20/50 |
||
| 942 | _cBOOK | ||
| 980 | _aNB | ||